000 00456nam a2200181Ia 4500
001 14800
005 20260306164941.0
008 260306t1996||||xx |||||||||||||| ||spa||
041 _aESP
082 _a519.3
_bR26
100 _aRasmusen, Eric
_eAUT
245 0 _aJuegos E Información:
_bUna introducción a la teoría de juegos
260 _c1996
300 _a548 páginas :
_c23 cm.
650 _aGEN
654 _aCMA
942 _cLIB
_dJUS
_fJUS
_2ddc
_n
999 _c14800
_d14800